000 00837cad a22002055a 4500
001 L155156
008 120307s20120306xxk f 000 0 eng d
035 _a(Sirsi) u155156
041 0 _aeng
050 0 4 _a333.33 $2 18
110 2 _aLloyds Banking Group
_95822
245 0 0 _aHalifax house price index
_bFebruary 2012
_h[electronic resource]
260 _aLondon
_bLloyds Banking Group
_c2012
520 _aUK house prices decreased by 0.5% in February 2012, a 1.9% decrease since February 2011. Nationally, the average level of house prices is very little changed to Spring 2011.
590 _aKA
651 4 _aUnited Kingdom
_y
690 _aResidential property
_96266
856 4 0 _uhttps://www.lloydsbankinggroup.com/media/pdfs/halifax/2012/0603_hpi.pdf
_zView this item free of charge at www.lloydsbankinggroup.com
942 _n0
999 _c113354
_d113354